The wisdom of the body /

Bibliographic Details
Main Author: Nuland, Sherwin B.
Format: Book
Language:English
Published: New York : Knopf : 1997.
Edition:1st ed.
Subjects:

MARC

Tag First Indicator Second Indicator Subfields
LEADER 00000cam a2200000 a 4500
001 in00001773921
005 20190507091555.0
008 961002s1997 nyua 001 0 eng
010 |a  96045113  
016 7 |a 9708189  |2 DNLM 
019 |a 37553796 
020 |a 0679444076 
035 |a (OCoLC)ocm35701209 
040 |a DLC  |c DLC  |d VET  |d NLM  |d CPA  |d TXA  |d UtOrBLW 
049 |a TXAM 
050 0 0 |a QP38  |b .N894 1997 
060 0 0 |a 1997 E-436 
060 1 0 |a WZ 100  |b N969 1997 
082 0 0 |a 612  |2 21 
100 1 |a Nuland, Sherwin B. 
245 1 4 |a The wisdom of the body /  |c Sherwin B. Nuland. 
250 |a 1st ed. 
264 1 |a New York :  |b Knopf :  |c 1997. 
264 2 |a New York :  |b Distributed by Random House, 
300 |a xxiv, 395 pages :  |b illustrations ;  |c 25 cm. 
336 |a text  |b txt  |2 rdacontent 
337 |a unmediated  |b n  |2 rdamedia 
338 |a volume  |b nc  |2 rdacarrier 
500 |a Includes index. 
500 |a The Cushing Library/Basbanes collection copy is inscribed to Nicholas Basbanes by the author and is part of the Nicholas A. Basbanes Collection of Inscribed Books. 
505 0 |a The will to live -- The constant sea within maintains the constancy within -- Of nymphs, lymph, and courage in the face of cancer -- Sympathy and the nervous system -- The fundamental unit of life: the cell -- Biology, destiny, and free will -- The act of love -- A child is born -- The heart of the matter -- The blood is the life -- A voyage through the gut -- Mining the mind: the brain and human nature. 
541 0 |a Donated by Nicholas A. Basbanes  |d 20151124 
650 0 |a Human biology  |x Popular works. 
650 0 |a Human body  |v Popular works. 
650 0 |a Human physiology  |x Popular works. 
650 1 2 |a General Surgery  |v personal narratives. 
650 2 2 |a Biology  |v popular works. 
650 2 2 |a Physiology  |v popular works. 
700 1 |a Basbanes, Nicholas A.,  |d 1943-  |e former owner. 
994 |a E0  |b TXA 
948 |a cataloged  |b h  |c 2003/7/10  |d c  |e bhartsfi  |f 11:38:41 am 
999 |a MARS 
999 f f |s 9b736b15-c028-385c-9ec3-c6a31e3a7d35  |i 8402d832-4bb2-3f97-a2d1-19c453396dc2  |t 0 
952 f f |p normal  |a Texas A&M University  |b College Station  |c Sterling C. Evans Library  |d Evans: Library Stacks  |t 0  |e QP38 .N894 1997  |h Library of Congress classification  |i unmediated -- volume  |m A14830099638 
952 f f |p noncirc  |a Texas A&M University  |b College Station  |c Cushing Memorial Library & Archives  |d Cushing: Nicholas Basbanes (Does not check out)  |t 0  |e QP38 .N894 1997  |h Library of Congress classification  |i unmediated -- volume 
998 f f |a QP38 .N894 1997  |t 0  |l Cushing: Nicholas Basbanes (Does not check out) 
998 f f |a QP38 .N894 1997  |t 0  |l Evans: Library Stacks